Hardware Store Lyrics - Statistics

General Stats
  • This quiz has been taken 7 times
  • The average score is 258 of 436
Answer Stats
Answer % Correct
a
100%
a-
100%
all
83%
All
83%
arrive
83%
at
83%
be
83%
big
83%
bought
83%
day
83%
do
83%
door?
83%
ever
83%
(ever)
83%
finally
83%
For
83%
for
83%
free
83%
go
83%
goin'
83%
goin',
83%
Goin'
83%
gonna
83%
Gonna
83%
got
83%
hammer
83%
(hard)
83%
He
83%
I
83%
I)
83%
I'm
83%
I'm)
83%
in
83%
In
83%
it
83%
June
83%
know
83%
know,
83%
last
83%
look
83%
lot
83%
me
83%
my
83%
(no
83%
of
83%
open
83%
or
83%
out
83%
purple
83%
right
83%
Right
83%
sign
83%
so
83%
somebody
83%
soon
83%
store
83%
store,
83%
stuff
83%
that
83%
That
83%
the
83%
then
83%
they
83%
this
83%
to
83%
up
83%
we
83%
when)
83%
When
83%
would
83%
Would
83%
you
83%
You
83%
27th
67%
air
67%
(air)
67%
Air
67%
alive
67%
Allen
67%
And
67%
and
67%
are
67%
automatic
67%
ball
67%
barely
67%
been
67%
beside
67%
bolts
67%
brush
67%
build
67%
buy
67%
can
67%
care
67%
circumcisers
67%
comb
67%
customer
67%
don't
67%
down
67%
(down),
67%
every
67%
excited
67%
Feelin'
67%
friend
67%
front
67%
get
67%
hair
67%
happens
67%
Hardware
67%
hope
67%
inside
67%
I've
67%
just
67%
light
67%
low
67%
matching
67%
mind
67%
new
67%
news
67%
not
67%
Nothin'
67%
now
67%
on
67%
peen
67%
pepper
67%
really
67%
said,
67%
salt
67%
screws"
67%
shop
67%
Since
67%
since
67%
spot
67%
teeth
67%
they're
67%
They've
67%
thought
67%
told
67%
town
67%
Until
67%
vacant
67%
wait,
67%
wait
67%
waiting
67%
walking
67%
Well,
67%
Where
67%
will
67%
Will
67%
wrenches
67%
wrenches,
67%
(yes
67%
yes,
67%
against
50%
any
50%
around
50%
as
50%
broom
50%
camped
50%
can't
50%
Cause
50%
Energizers
50%
first
50%
flashlight
50%
gas
50%
generators,
50%
glass
50%
great
50%
had
50%
happy
50%
(happy)
50%
here
50%
"Hey,
50%
house
50%
line
50%
mine
50%
minute
50%
nose
50%
(oh
50%
oh
50%
overnight
50%
room
50%
says
50%
See
50%
shakers
50%
single
50%
socket
50%
station?
50%
There's
50%
Very,
50%
very
50%
ware
50%
was
50%
alphabetically
33%
angle
33%
arranged
33%
bag
33%
BB
33%
brackets,
33%
Brand
33%
breakers,
33%
bug
33%
cages,
33%
Calculators,
33%
circuit
33%
coffee
33%
deflectors
33%
dehumidifiers
33%
demagnetizers,
33%
doing
33%
Duracells
33%
electric
33%
feeders,
33%
fumigation,
33%
garden
33%
gerbil
33%
grout
33%
hacksaws?
33%
hamster
33%
heaters
33%
Hooks
33%
hoses
33%
insulation
33%
mallets,
33%
miles
33%
One
33%
pair
33%
panels,
33%
pellets,
33%
plethora
33%
pliers
33%
pressed
33%
promotional
33%
radial
33%
rubber
33%
seats,
33%
sleeping
33%
spackle,
33%
stunt
33%
styles
33%
tackle,
33%
them
33%
those
33%
Tire
33%
tires
33%
toilet
33%
Trailer
33%
Trash
33%
Want
33%
water
33%
aisles
17%
brass
17%
cables
17%
chisels,
17%
cleaners,
17%
compressors,
17%
connectors,
17%
copper
17%
cutters,
17%
detectors
17%
extractors,
17%
fans
17%
faucets,
17%
folding
17%
gauges,
17%
goggles,
17%
gutters
17%
Guys
17%
hangers,
17%
high-preformance
17%
hitch
17%
irons,
17%
juice
17%
jumper
17%
Kitchen
17%
ladles
17%
louvers,
17%
lubrication
17%
makers
17%
masking
17%
Metal
17%
meters
17%
multi-purpose
17%
nametags
17%
Paint
17%
paper
17%
Pesticides
17%
Picture
17%
plastic
17%
power
17%
rackets,
17%
removers,
17%
rods
17%
roofing,
17%
Rows
17%
safety
17%
shower
17%
shutters
17%
smoke
17%
Soffit
17%
spoons
17%
tables,
17%
tape
17%
Tennis
17%
thermostats
17%
vacuum
17%
waffle
17%
Walkie-talkies,
17%
waterproofing,
17%
window
17%
wires,
17%
with
17%
campactors,
0%
foggers,
0%
stripping,
0%
weather
0%
wrecking
0%
No matching quizzes found
Score Distribution
Percent of People with Each Score
Percentile by Number Answered
Your Score History
You have not taken this quiz